Čo nás čaká v jubilejnom roku 2005

Bibliographic Details
Main Author: Mišová, Iveta (Author)
Format: Article
Language:Slovak
ISSN:1335-8197
Subjects:

MARC

LEADER 00000nab a2200000 a 4500
001 vtls008294106
003 SK-MaSNL
005 20260304205131.0
008 050811c2005 xo qr|p|||||||000 b|slo
015 |a SNBRB2005/08  |2 snkbucl 
038 |a SNKBUCL 
040 |a SNKBUCL  |b slo  |c SNKBUCL  |e AACR2 
041 0 |a slo 
044 |a xo  |c SK 
080 |a 364.264:061.27(437.6)  |2 UDC-MRF-SK2 
100 1 |a Mišová, Iveta  |4 aut  |9 274838 
245 1 0 |a Čo nás čaká v jubilejnom roku 2005  |c Iveta Mišová 
610 2 7 |a Združenie na pomoc ľuďom s mentálnym postihnutím v SR  |2 snkbucl  |9 171880 
773 0 |t Informácie ZPMP v SR  |g Roč. XIII., Č. 1 (62) (2005), s. 4-5  |x 1335-8197 
852 |a SNK  |b KIS3GCP 
999 |c 3119421  |d 3121351